• 首页
  • 本馆介绍
  • 公告通知
  • 最新文献
  • 馆藏检索
  • 电子资源
  • 读者导购
  • 参考咨询
  • 我的图书馆
  • 登录
  • 详细信息显示
  • 放入我的书架
  • 预约/预借图书
  • 作者相关作品
  • 分类相关作品
  • 丛书相关作品
  • 出版社相关作品

书目信息

  • 表格格式
  • 工作单格式
  • 卡片格式
题名:
中国艺术之最
    
 
作者: 张国臣 编著
分册:  
出版信息: 北京   中国旅游出版社  1987
页数: 224页
开本: 19cm
丛书名:
单 册:
中图分类: J12-49
科图分类:
主题词: 艺术史--中国 , 艺术--中国 , 中国艺术节
电子资源:
ISBN: 7-5032-0034-0
000 00678nam0 2200253 45
001 0187004716
005 20040513095811.3
010    @a7-5032-0034-0@dCNY1.70
100    @a19900808d1987 em y0chiy0121 ea
101 0  @achi
102    @aCN@b110000
105    @ay z 000yd
106    @ar
200 10 @a中国艺术之最@Azhong guo yi shu zhi zui@f张国臣编著
210    @a北京@c中国旅游出版社@d1987
215    @a224页@d19cm
606    @a艺术史@y中国
606 0  @a艺术@x中国
606 0  @a中国艺术节
690    @aJ12-49
701  0 @a张国臣@Azhang guo chen@4编著
801  0 @aCN@b深圳图书馆@c20040513
801  2 @aCN@bNLC@c20040513
905    @f1@b211219@f1@b242444@dJ12-49@e13
    
    中国艺术之最/张国臣编著.-北京:中国旅游出版社,1987
    224页;19cm
    
    
    ISBN 7-5032-0034-0:CNY1.70
    
●
相关链接 在E读中查询图书 在五车中查询图书 在当当中查询图书 在豆瓣中查询图书


正题名:中国艺术之最     索取号:J12-49/13         预约/预借

序号 登录号 条形码 馆藏地/架位号 状态 备注
1 0211219   001239582   第一借阅区/ [索取号:J12-49/13] 在馆    
2 0211220   001214581   第一样本阅览室/ [索取号:J12-49/13] 在馆    
3 0242444   001214590   第一借阅区/ [索取号:J12-49/13] 在馆    
唐山师范学院图书馆 欢迎您!
大连网信软件有限公司© 版权所有